000 00664nam a2200241Ia 4500
003 OSt
005 20220918194733.0
006 a|||||r|||| 00| 0
007 ta
008 220917b |||||||| |||| 00| 0 eng d
024 _a81,262
037 _cTextual
040 _aARTS
_cARTS
_beng
041 _2eng
_aeng
082 _aS:86, L0
100 _aKell Bill L
_986717
245 0 _aDevelopment counseling and therapy
260 _aNew York
_bHoughton Mifflin Company USA
_c1970
650 _aPSYCHOLOGY
700 _a Burow Josephne Morse
_986718
942 _hS:86, L0
_cTEXL
_2CC
999 _c204984
_d204984